[Event "SVK-ch U08"]
[Site "Liptovsky Mikulas"]
[Date "2017.04.24"]
[Round "4"]
[White "Paholok, Adam"]
[Black "Dibdiak, Anton"]
[Result "1-0"]
[WhiteElo "1000"]
[BlackElo "1000"]
[PlyCount "33"]
[EventDate "2017.04.22"]
[EventType "swiss"]
[EventRounds "9"]
[EventCountry "SVK"]
[SourceTitle "CBM 178 Extra"]
[Source "ChessBase"]
[SourceDate "2017.06.22"]
[SourceVersion "1"]
[SourceVersionDate "2017.06.22"]
[SourceQuality "1"]

1. e4 e5 2. Bc4 Nf6 3. Nc3 Bc5 4. Nf3 Nc6 5. d3 Ng4 6. 0-0 Bxf2+ 7. Rxf2 Nxf2 8. Kxf2 Qf6 9. Nd5 Qd6 10. Nh4 Qc5+ 11. Kf1 0-0 12. Qg4 g6 13. Bh6 d6 14. Qf3 Rd8 15. Qf6 Qf2+ 16. Kxf2 Rd7 17. Qg7# 1-0

[Event "SVK-ch U08"]
[Site "Liptovsky Mikulas"]
[Date "2017.04.23"]
[Round "2"]
[White "Dibdiak, Anton"]
[Black "Jura, Michal"]
[Result "0-1"]
[WhiteElo "1000"]
[BlackElo "1000"]
[PlyCount "68"]
[EventDate "2017.04.22"]
[EventType "swiss"]
[EventRounds "9"]
[EventCountry "SVK"]
[SourceTitle "CBM 178 Extra"]
[Source "ChessBase"]
[SourceDate "2017.06.22"]
[SourceVersion "1"]
[SourceVersionDate "2017.06.22"]
[SourceQuality "1"]

1. e4 c6 2. Bc4 d5 3. Bd3 Nf6 4. f3 e5 5. exd5 cxd5 6. Bb5+ Bd7 7. Bxd7+ Qxd7 8. Qe2 Nc6 9. f4 Qf5 10. fxe5 Qxe5 11. Qxe5+ Nxe5 12. Nf3 Nxf3+ 13. gxf3 Kd7 14. Rg1 Rc8 15. Nc3 a6 16. Rg5 d4 17. Nd5 Rxc2 18. Nxf6+ gxf6 19. Rf5 Ke6 20. Rf4 Ke5 21. d3 Rxc1+ 22. Rxc1 Kxf4 23. Ke2 Rg8 24. Rc7 Rg2+ 25. Kf1 Kxf3 26. Rxf7 Bg7 27. Ke1 Ke3 28. Re7+ Kxd3 29. Rxb7 Ke3 30. Re7+ Kf3 31. Kd1 Bh6 32. Rxh7 Rd2+ 33. Ke1 Rxh2 34. Re7 Rh1# 0-1